Istituto Di Diritto Del Lavoro E Della Navigazione Dell’Università Di Palermo E I Convegni Internazionali Mare E Territorio / (Record no. 72534)
[ view plain ]
| 000 -LEADER | |
|---|---|
| fixed length control field | 01288nam a2200325 i 4500 |
| 003 - CONTROL NUMBER IDENTIFIER | |
| control field | EG-GICUC |
| 005 - DATE AND TIME OF LATEST TRANSACTION | |
| control field | 20260421142751.0 |
| 008 - FIXED-LENGTH DATA ELEMENTS--GENERAL INFORMATION | |
| fixed length control field | 260421r1989 it ||||fr|||| 000 0 ita d |
| 040 ## - CATALOGING SOURCE | |
| Original cataloging agency | EG-GiCUC |
| Language of cataloging | eng |
| Transcribing agency | EG-GiCUC |
| Modifying agency | EG-GiCUC |
| Description conventions | rda |
| 041 ## - LANGUAGE CODE | |
| Language code of text/sound track or separate title | ita |
| 082 04 - DEWEY DECIMAL CLASSIFICATION NUMBER | |
| Edition number | 21 |
| Classification number | 341.3 |
| Item number | MO . I |
| 092 04 - LOCALLY ASSIGNED DEWEY CALL NUMBER (OCLC) | |
| Edition number | 21 |
| 099 ## - LOCAL FREE-TEXT CALL NUMBER (OCLC) | |
| Classification number | Law1 11 341.3 MO . I 1989 |
| 100 1# - MAIN ENTRY--PERSONAL NAME | |
| Personal name | Moscato,Salvatore |
| Relator term | editor. |
| 245 10 - TITLE STATEMENT | |
| Title | Istituto Di Diritto Del Lavoro E Della Navigazione Dell’Università Di Palermo E I Convegni Internazionali Mare E Territorio / |
| Statement of responsibility, etc. | Salvatore Moscatо. |
| 246 1# - VARYING FORM OF TITLE | |
| Title proper/short title | L’Institut De Droit Du Travail Et De La Navigation De L’Université De Palerme Et Les Congrès Internationaux “Mer Et Territoire” |
| 246 1# - VARYING FORM OF TITLE | |
| Title proper/short title | The Labour Maritime And Air Law Institute And The International Sea And Territory Meetings |
| 264 01 - PRODUCTION, PUBLICATION, DISTRIBUTION, MANUFACTURE, AND COPYRIGHT NOTICE | |
| Place of production, publication, distribution, manufacture | Italiana: |
| Name of producer, publisher, distributor, manufacturer | Lega Navale Italiana, |
| Date of production, publication, distribution, manufacture, or copyright notice | 1989. |
| 300 ## - PHYSICAL DESCRIPTION | |
| Extent | 24 Pages; |
| Dimensions | 24 cm. |
| 336 ## - CONTENT TYPE | |
| Source | rda content |
| Content type term | text |
| 337 ## - MEDIA TYPE | |
| Source | rda media |
| Media type term | Computer |
| 338 ## - CARRIER TYPE | |
| Source | rda carrier |
| Carrier type term | Online Resource |
| 546 ## - LANGUAGE NOTE | |
| Language note | Text in Italian |
| 650 1# - SUBJECT ADDED ENTRY--TOPICAL TERM | |
| Topical term or geographic name entry element | Diritto Internazionale Pubblico |
| 650 1# - SUBJECT ADDED ENTRY--TOPICAL TERM | |
| Topical term or geographic name entry element | Relazioni Internazionali |
| 700 1# - ADDED ENTRY--PERSONAL NAME | |
| Personal name | Camarda,Guido |
| Relator term | presenter |
| 856 40 - ELECTRONIC LOCATION AND ACCESS | |
| Uniform Resource Identifier | <a href="https://fll.law.cu.edu.eg/fulltext/bks/B11-09731.pdf">https://fll.law.cu.edu.eg/fulltext/bks/B11-09731.pdf</a> |
| 905 ## - Cataloger and Reviser Names | |
| Cataloger Name: | Logain Ashraf |
| 942 ## - ADDED ENTRY ELEMENTS (KOHA) | |
| Source of classification or shelving scheme | Dewey Decimal Classification |
| Koha item type | Books |
| Edition | 21 |
| Suppress in OPAC | No |
| Withdrawn status | Lost status | Source of classification or shelving scheme | Damaged status | Not for loan | Collection | Home library | Current library | Date acquired | Source of acquisition | Total checkouts | Full call number | Barcode | Date last seen | Copy number | Price effective from | Koha item type |
|---|---|---|---|---|---|---|---|---|---|---|---|---|---|---|---|---|
| Dewey Decimal Classification | Not for loan | القانون الدولي العام | جــــامعة القــاهرة | مكتبة كلية الحقوق - المبنى الرئيسي | 21.04.2026 | إهداء مكتبة الأستاذ الدكتور صلاح عامر | Law1 11 341.3 MO . I 1989 1109731 C1 | B11-09731 | 21.04.2026 | 1 | 21.04.2026 | Books |